000 00718nam a2200229 a 4500
001 40172
003 BD-RjUL
005 20211209053143.0
008 160423s1920 bg ||||| |||| 00| f ben d
020 _c: PRs. 1.50
035 _a(BD-RjUL) 40287
040 _aBD-RjUL
_bben
_cBD-RjUL
041 _aben
082 _223
_a891.443
_bSES 1920
100 _aসেন, জলধর
_9123680
245 1 0 _aষোল আনি /
_cজলধর সেন
260 _aকলিকাতা :
_bমানসী প্রেস,
_c১৯২০
300 _a১৫৭ পৃ. ;
_c১৯ সেমি.
650 _aবাংলা উপন্যাস
_9123681
650 _aBengali Fiction
_9123682
942 _2ddc
_cBK
999 _c40172
_d40172